| 000 -ლიდერი |
| ფიქსირებული სიგრძის საკონტროლო ველი |
01369nam a22002297a 4500 |
| 003 - საკონტროლო ნომრის იდენტიფიკატორი |
| საკონტროლო ველი |
Ge_BSU |
| 005 - ბოლო ოპერაციის თარიღი და დრო |
| საკონტროლო ველი |
20191004105355.0 |
| 008 - ფიქსირებული სიგრძის მონაცემთა ელემენტები - ზოგადი ინფორმაცია |
| ფიქსირებული სიგრძის საკონტროლო ველი |
191004s2019 ge ||||| |||| 00| 0 geo d |
| 020 ## - წიგნის საერთაშორისო სტანდარტული ნომერი |
| International Standard Book Number |
9789941462948 |
| 041 ## - ენის კოდი |
| Language code of text/sound track or separate title |
geo |
| 080 ## - უნივერსალური ათობითი კლასიფიკაციის ინდექსი |
| Universal Decimal Classification number |
94(479.223)თ-80 |
| 100 ## - მთავარი ჩანაწერი - პიროვნების სახელი |
| Personal name |
თურმანიძე , ოთარ |
| 9 (RLIN) |
3946 |
| 245 ## - ცნობა სათაურის შესახებ |
| Title |
საბჭოთა რეჟიმი და მასობრივი რეპრესიები აჭარაში (1921-1952 წლები) / |
| Statement of responsibility, etc |
ოთარ თურმანიძე ; რედ : ვახტანგ გურული. |
| 264 ## - წარმოების, გამოცემის, დისტრიბუციის და სხვა ცნობები |
| გამოცემის, წარმოების, დისტრიბუციის... ადგილი |
ბათუმი : |
| გამოცემის, წარმოების, დისტრიბუციის... სახელწოდება |
ბათუმის შოთა რუსთაველის სახელმწიფუ უნ-ტი, |
| გამოცემის, წარმოების, დისტრიბუციის... თარიღი |
2019. |
| 300 ## - ფიზიკური აღწერა |
| Extent |
639 გვ.: |
| Dimensions |
26 სმ. |
| 520 ## - SUMMARY, ETC. |
| Summary, etc |
რეზიუნ=მე ინგლისურ ენაზე |
| 653 ## - INDEX TERM--UNCONTROLLED |
| Uncontrolled term |
ისტორია |
| 653 ## - INDEX TERM--UNCONTROLLED |
| Uncontrolled term |
მასობრივი რეპრესიები აჭარაში1921-1952წწ |
| 700 ## - ADDED ENTRY--PERSONAL NAME |
| Personal name |
გურული, ვახტანგ |
| Relator term |
რედაქტორი |
| 9 (RLIN) |
337 |
| 710 ## - ADDED ENTRY--CORPORATE NAME |
| Relator term |
ბათუმის შოთა რუსთაველის სახელმწიფო უნივერსიტეტი ნიკო ბერძენიშვილის ინსტიტუტი |
| 9 (RLIN) |
4492 |
| 942 ## - ADDED ENTRY ELEMENTS (KOHA) |
| Source of classification or shelving scheme |
|
| Koha item type |
წიგნი |